Top Premier league goalscorer’s - Man.City - Statistics

General Stats
  • This quiz has been taken 115 times
  • The average score is 7 of 10
Answer Stats
Goals Clue Player % Correct
184 I know I have said this many times before but this man is probably one of the best strikers of the modern age. Is known for a goal v QPR Sergio Aguero
97%
51 Man. City signed him from Wolfsburg and he has kept improving every single year. Just when you think he has gone off he comes back and hits a run of form. Kevin De Bruyne
93%
60 Magic. He could see a pass before anyone else could. Won the World Cup with Spain in 2010. David Silva
82%
88 Moved from Liverpool-Man.City for money. The number of goals he scored so far is equal to his FIFA 22 Rating. Raheem Sterling
81%
58 Many City fans hate him becasue he went across the city and became a “legend” there too. Argentinian Carlos Tevez
73%
50 A very underrated player. Scored in the game v QPR, now plays for Inter Milan. Still banging in the goals. Edin Dzeko
73%
52 At the moment he is Man.City’s only “true” striker yet doesn’t get any game time. Gabriel Jesus
64%
37 He probably has the best first touch in world football. He doesn’t get much game time in comparison to what he should get because of his ability. Riyad Mahrez
56%
62 This guy was such a nice guy, never stopped smiling. Known for being very strong and had a great pass on him. Yaya Toure
53%
37 Absolute legend of the English game but I forgot he played for City. No it’s not Lampard. Nicholas Anelka
16%
No matching quizzes found
Score Distribution
Percent of People with Each Score
Percentile by Number Answered
Your Score History
You have not taken this quiz